000 00502nam a2200181Ia 4500
005 20250508150650.0
008 008 250505s9999 xx 000 0 eng d
037 _aTextual
040 _aFEDL
_beng
_cFEDL
041 _aeng
_2eng
084 _a425, NES
_qFEDL
100 _aNesfield J C
_968474
245 0 _aIdiom, grammar, and synthesis
260 _aBombay, India
_bMacmillan and Company Limited
_c1934
300 _a469p.
942 _cTEXL
_h425, NES
999 _c1324912
_d1324912